000 00633nam a2200205 i 4500
001 128904
003 ES-MaACL
005 20230906193405.0
007 t|
008 070530s1964 sp ||||1| spa d
080 _a897/.8-2.09
080 _a897/.82
245 0 0 _aTeatro indio precolombino /
_cJosé Cid Pérez, Dolores Martí de Cid.
260 _a[Madrid] :
_bAguilar,
_c1964.
300 _a368 p. ;
_c20 cm.
505 8 _aContiene: El güegüenso o macho ratón. El barón de Rabinal Ollantay
700 1 _aCid Pérez, José.
_938770
700 1 _aMartí de Cid, Dolores.
_977212
852 _aES-MaACL
_jC-26197
_bR.55321
999 _c128904
_d128904